| 000 | 00861nam a2200229 i 4500 | ||
|---|---|---|---|
| 001 | 19568 | ||
| 003 | ES-MaACL | ||
| 005 | 20251002204009.0 | ||
| 007 | t| | ||
| 008 | 021003s1980 sp ||||1| spa d | ||
| 100 | 0 |
_aAbd Allah b. Buluggin, _918008 |
|
| 245 | 1 | 3 |
_aEl siglo XI en 1ª persona _b: las memorias de Abd Allah, último rey zirí de Granada destronado por los almorávides (1090) / _ctraducidas, con introducción y notas por E. Leví-Provençal y Emilio García Gómez. |
| 260 |
_aMadrid : _bAlianza, _c[1980] |
||
| 300 |
_a344 p., 2 lám. ; _c20 cm. |
||
| 490 | 1 |
_aAlianza tres ; _v57 |
|
| 651 | 4 |
_aGranada (Reino)- _xHistoria. _9137204 |
|
| 700 | 1 |
_aLévi-Provençal, E. _971960 |
|
| 700 | 1 |
_aGarcía Gómez, Emilio, _d1905-1995 _954690 |
|
| 830 | 0 | 0 |
_aAlianza tres _v57 _9177344 |
| 852 |
_aES-MaACL _jL-611 _bR.100700 |
||
| 999 |
_c19568 _d19568 |
||